000 00287nam a2200133 i 4500
001 bg
245 0 _aJęzyk rosyjski dla lektoratów.
250 _aWyd.2 popr.
260 _aOpole,
_c1978.
040 _cBPK
041 _apol
942 _cKS
008 s pl f |000 0 pol
999 _c9844
_d9844
856 _uhttp://koha.tu.koszalin.pl/cgi-bin/koha/opac-detail.pl?biblionumber=9844
_yKatalog online BPK